Tiếng Việt thực hành
Sách được biên soạn bám sát chương trình tiếng việt thực hành do bộ Giáo dục và Đào tạo ban hành. Sách gồm 2 phần chính giản yếu về lí thuyết và hệ thống bài tập thực hành được biên soạn đan xen vào nhau trong từng chương....
Đã lưu trong:
| Príomhúdar: | |
|---|---|
| Formáid: | Leabhar |
| Teanga: | Undetermined |
| Foilsithe: |
Hà Nội
Giáo Dục
1998
|
| Ábhair: | |
| Clibeanna: |
Cuir Clib Leis
Gan Chlibeanna, Bí ar an gcéad duine leis an taifead seo a chlibeáil!
|
| Thư viện lưu trữ: | Trung tâm Học liệu Trường Đại học Cần Thơ |
|---|
| LEADER | 01029nam a2200253Ia 4500 | ||
|---|---|---|---|
| 001 | CTU_29650 | ||
| 008 | 210402s9999 xx 000 0 und d | ||
| 020 | |b 10.500đ | ||
| 020 | |c 10500 | ||
| 082 | |a 495.9228 | ||
| 082 | |b T406 | ||
| 100 | |a Bùi, Minh Toán | ||
| 245 | 0 | |a Tiếng Việt thực hành | |
| 245 | 0 | |c Bùi Minh Toán, Lê A, Đỗ Việt Hùng | |
| 260 | |a Hà Nội | ||
| 260 | |b Giáo Dục | ||
| 260 | |c 1998 | ||
| 520 | |a Sách được biên soạn bám sát chương trình tiếng việt thực hành do bộ Giáo dục và Đào tạo ban hành. Sách gồm 2 phần chính giản yếu về lí thuyết và hệ thống bài tập thực hành được biên soạn đan xen vào nhau trong từng chương. | ||
| 526 | |a Tiếng Việt thực hành | ||
| 526 | |b XH012 | ||
| 650 | |a Vietnamese language | ||
| 650 | |x Rhetoric | ||
| 904 | |i Minh | ||
| 980 | |a Trung tâm Học liệu Trường Đại học Cần Thơ | ||